Personnalités nées dans les années 1990 - Statistiques

Statistiques générales
  • Ce quiz a été pris 171 fois
  • Le résultat moyen est 15 sur 50
Statistiques - réponses
Année Description Personnalité % Correct
1990 On l'appelle l'OVNI Jul
85%
1991 Roux + britannique x chanteur ÷ perfect = Ed Sheeran
83%
1991 Adam, Aladdin, Boulard… Kev Adams
70%
1991 Il est petit, il est gentil, il a bouffé Léo Messi N’Golo Kanté
67%
1990 Elle est autant la Belle que l'Hermione Emma Watson
66%
1998 Kiki de Bondy Kylian Mbappé
62%
1992 Une histoire de paillettes et de Kévin Inès Reg
54%
1993 On lui doit le dab Paul Pogba
52%
1996 Il a la "frappe de b****d" Benjamin Pavard
50%
1992 222 000 000 € Neymar Jr
50%
1996 Le IX du XV de France Antoine Dupont
49%
1995 Chanteuse angélique Angèle
47%
1994 Matuidi Charo Niska
44%
1997 Il écœure tout le monde sur le circuit Max Verstappen
40%
1992 Feu de bois, jeu de voix… Damso
38%
1997 La française la plus influente dans le monde de la mode Léna Situations
37%
1993 Célèbre "actrice" libanaise Mia Khalifa
37%
1998 Le Amixem américain Mr Beast
36%
1999 Il voyage sur une old town road Lil Nas X
34%
1996 Il a voulu faire top 1 ... et il l'a fait ! Squeezie
33%
1990 Le geai moqueur Jennifer Lawrence
32%
1995 Edith Piaf des temps modernes Aya Nakamura
31%
1996 L'autre fleur dans la vie de Spider-Man Zendaya
31%
1999 Bonsoir Paris Bilal Hassani
30%
1993 L'homme sans trophées Harry Kane
28%
1991 EmRata Emily Ratajkowski
27%
1992 Ekip Freeze Corleone
27%
1990 Poupée australienne en chair et en os Margot Robbie
27%
1995 C'est le Maestro Presnel Kimpembe
26%
1996 Seul mec à faire un documentaire au Kirghizistan Seb
24%
1994 Lauréate de deux ballons d'or Alexia Putellas
22%
1998 Fille du 44ᵉ président des USA Malia Obama
22%
1997 Elle chante la capitale de son pays qu'est Cuba Camila Cabello
20%
1994 Petit par la taille, grand par le flow Hamza
18%
1999 Le X du XV de France Romain Ntamack
18%
1994 Smooth Operator Carlos Sainz Jr
12%
1997 Dans le milieu comme Nicolò Nicolò Barella
10%
1993 Hey, Jessie Debby Ryan
9%
1990 Norvégien 7 fois champion du monde Magnus Carlsen
9%
1997 Elle est Violetta Martina Stoessel
7%
1995 Aime le chocolat et son ami de petite taille Timothée Chalamet
6%
1995 Le tournesol de Spider-Man Post Malone
5%
1999 Elle est la "NON-SENSE" outro de ce quiz Sabrina Carpenter
4%
1993 Une soprano dont le nom contraste avec la réalité Ariana Grande
3%
1994 Jung Ho-Seok dit "espoir" J-Hope
3%
1999 Elle est Luna Karol Sevilla
2%
1992 Emploi fictif au Paris Saint-Germain Layvin Kursawa
2%
1998 Si triste sous la lumière de la Lune XXXTentacion
2%
1991 À la prochaine Charlie Puth
1%
1998 Jarad Anthony Higgins Juice WRLD
1%
Aucun quiz correspondant
Distribution des résultats
% des personnes avec chaque résultat
Percentile par nombre de réponses
Votre historique - résultats
Vous n’avez pas pris ce quiz